000 00456nam a2200169Ia 4500
999 _c14829
_d14829
003 OSt
005 20201023105533.0
008 190216s9999||||xx |||||||||||||| ||und||
040 _coclc
082 _a813.54
_bBAL/H
100 _a Baldacci, David
_95616
245 4 _aThe Hit /
_cDavid Baldacci
260 _bMacmillan,
_c2013.
_aLondon:
300 _a392p
650 _aEnglish
942 _cBK
_2ddc
_h813.54
_iBAL/H
_k813.54
_mBAL/H